La decisión de integración vertical en la estrategia de innovación dirigida a demandas embrionarias (Registro nro. 23237)

Detalles MARC
000 -LEADER
fixed length control field 00436 a2200109 4500
001 - CONTROL NUMBER
control field ART_8034
005 - DATE AND TIME OF LATEST TRANSACTION
control field 20260410161831.0
008 - FIXED-LENGTH DATA ELEMENTS--GENERAL INFORMATION
fixed length control field 260409a
100 1# - MAIN ENTRY--PERSONAL NAME
Personal name Aláez Martinez, María Angeles
245 10 - TITLE STATEMENT
Title La decisión de integración vertical en la estrategia de innovación dirigida a demandas embrionarias
773 0# - HOST ITEM ENTRY
Title Boletín de estudios económicos
Related parts Estrategia y empresa - Vol. 55, Nº 169 (abr. 2000)
Record control number REV5142

No hay ítems disponibles.